| 000 | 01169cam a22003493a 4500 | ||
|---|---|---|---|
| 001 | 13995214 | ||
| 003 | OSt | ||
| 005 | 20140310184255.0 | ||
| 008 | 050608s2004 nyu j 000 1 eng d | ||
| 010 | _a 2005278171 | ||
| 020 | _a9780439653657 | ||
| 050 | 0 | 0 |
_aPZ 7 _b.B872Sh 2004 |
| 100 | 1 |
_aBrooke, Lauren. _922844 |
|
| 245 | 1 | 2 |
_aA season of hope / _cby Lauren Brooke. |
| 260 |
_aNew York : _bScholastic, _c2004 |
||
| 300 |
_a168 p. ; _c19 cm. |
||
| 490 | 1 |
_aHeartland ; _v17 |
|
| 521 | _aG6 | ||
| 526 | _c850 | ||
| 562 | _e1 | ||
| 650 | 0 |
_aHorses _vJuvenile fiction. _922845 |
|
| 650 | 0 |
_aFathers and daughters _vJuvenile fiction. _922846 |
|
| 650 | 0 |
_aHeartland (Imaginary place) _vJuvenile fiction. _922847 |
|
| 650 | 1 |
_aHorses _vFiction. _922848 |
|
| 650 | 1 |
_aFathers and daughters _vFiction. _922849 |
|
| 650 | 1 |
_aHeartland (Imaginary place) _vFiction. _922850 |
|
| 800 | 1 |
_aBrooke, Lauren. _tHeartland ; _v17. _922851 |
|
| 906 |
_a7 _bcbc _ccopycat _d2 _encip _f20 _gy-gencatlg |
||
| 942 |
_2lcc _cBK-SCHOLAS |
||
| 999 |
_c33401 _d33401 |
||